000 00213nam a22000857a 4500
008 160916b xxu||||| |||| 00| 0 eng d
100 _9608
_aKhattri.S.
245 _aEnglish Grammer-5
260 _aNew Delhi
_bBook.ma
_c2012
999 _c3266
_d3266